| 000 | 00749nam a2200253 a 4500 | ||
|---|---|---|---|
| 001 | 000045620 | ||
| 003 | DO-SdBNP | ||
| 005 | 20180301101509.0 | ||
| 007 | 000045620 | ||
| 008 | 150417s1981 sp a 000 0 spa d | ||
| 020 | _a8472101452 | ||
| 040 |
_aBPMSU _bspa _cBPMSU |
||
| 100 | 1 | _aSabaté, Teresa | |
| 245 | 1 | 0 |
_aPalabras / _cTeresa Sabaté, Fermín Capell |
| 260 |
_aBarcelona : _bMiguel A. Salvatella, _c1981. |
||
| 300 |
_a32 p. : _bil. ; _c21 cm. |
||
| 700 | 1 | _aCapell, Fermín | |
| 930 | 1 |
_lBND01 _mLF1 _820150417 _f01 _pCT _g47989 |
|
| 942 |
_2ddc _cBK |
||
| 945 | _aInventariado, 2018/MFF | ||
| 956 |
_aDGARCIA _b10 _c20150417 _lBND01 _h0918 |
||
| 956 |
_aLOPEREZ _b10 _c20150515 _lBND01 _h1148 |
||
| 956 |
_aVMATEO _b10 _c20150925 _lBPMSU _h00151 |
||
| 999 |
_c8286 _d8286 |
||